Cities in the European Union - Sudden Death - Statistics

General Stats
  • This quiz has been taken 195 times
    162 since last reset
  • The average score is 7 of 24
Answers on the Grid
Answers color-coded by a green-red scale on the quiz's grid according to % correct below.
London
Pisa
Almaty
Strasbourg
Nuuk
Baku
Nicosia
Aarhus
Wroclaw
Cannes
Tallinn
Yerevan
Reykjavik
Tbilisi
Ostrava
Bruges
San Marino
Glasgow
Hannover
Minsk
Sarajevo
Tirana
Belgrade
Cork
Chisinau
Ljubljana
Andorra la Vella
Magdeburg
Plovdiv
Tartu
Belfast
Vaduz
Antwerp
Dnipro
Bergen
Manchester
Pristina
Swansea
Saint Petersburg
Eindhoven
Faro
Timisoara
Monte Carlo
Gibraltar
Dubrovnik
Istanbul
Kaunas
Gothenburg
Helsinki
Katowice
 
Answer Stats
Answer % Correct
Pisa
74%
Strasbourg
67%
Tallinn
55%
Wroclaw
50%
Cannes
48%
Nicosia
48%
Bruges
38%
Aarhus
33%
Ljubljana
33%
Antwerp
29%
Helsinki
29%
Hannover
24%
Gothenburg
21%
Dubrovnik
19%
Eindhoven
19%
Katowice
17%
Kaunas
17%
Ostrava
17%
Plovdiv
17%
Faro
14%
Magdeburg
14%
Cork
12%
Tartu
12%
Timisoara
12%
No matching quizzes found
Score Distribution
Percent of People with Each Score
Percentile by Number Answered
Your Score History
You have not taken this quiz since the last reset